En torno a la planificación regional en América Latina

Uloženo v:
Podrobná bibliografie
Hlavní autor: Castillo, Manuel Angel
Korporativní autor: Universidad de San Carlos. Centro de Estudios Urbano y Regionales
Médium: Text
Vydáno: Guatemala: Centro de Estudios Urbanos y Regionales
Tagy: Přidat tag
Žádné tagy, Buďte první, kdo vytvoří štítek k tomuto záznamu!

MARC

LEADER 00000 a a2200000 04500
001 21368
003
040
090 |a 093800  
100 |a Castillo, Manuel Angel  
110 |a Universidad de San Carlos. Centro de Estudios Urbano y Regionales  
245 |a En torno a la planificación regional en América Latina  
260 |a Guatemala:   |b Centro de Estudios Urbanos y Regionales  
300 |a 25 p.  
999 |c 11260  |d 11260